[Event "GER-chT U20 Girls"]
[Site "Osnabrueck"]
[Date "2013.12.29"]
[Round "5.4"]
[White "Dannenberg, Nicole"]
[Black "Fischer, Franziska"]
[Result "0-1"]
[WhiteElo "1161"]
[BlackElo "1530"]
[PlyCount "70"]
[EventDate "2013.12.27"]
[EventType "team-swiss"]
[EventRounds "7"]
[EventCountry "GER"]
[SourceTitle "EXT 2015"]
[Source "ChessBase"]
[SourceDate "2014.11.20"]
[SourceVersion "1"]
[SourceVersionDate "2014.11.20"]
[SourceQuality "1"]
[WhiteTeam "Lehrte"]
[BlackTeam "Chemnitz II"]
[WhiteTeamCountry "GER"]
[BlackTeamCountry "GER"]

1. c4 c6 2. Nc3 d5 3. cxd5 cxd5 4. d4 Nf6 5. Bf4 Bf5 6. e3 e6 7. Bb5+ Nc6 8. Nf3 a6 9. Bxc6+ bxc6 10. Qa4 Qb6 11. 0-0 Be7 12. Ne5 Rc8 13. Rfc1 0-0 14. Nd1 c5 15. Nf3 Ne4 16. Be5 f6 17. Bf4 Bg6 18. Nh4 Be8 19. Qc2 g5 20. Nc3 cxd4 21. exd4 gxf4 22. Nf3 Bg6 23. Qe2 Nxc3 24. Rxc3 Rxc3 25. bxc3 Rc8 26. Qd2 Bd6 27. Re1 Bf7 28. Rc1 e5 29. h3 Re8 30. Re1 e4 31. Nh2 e3 32. fxe3 fxe3 33. Rxe3 Rxe3 34. Qxe3 Qb1+ 35. Kf2 Bxh2 0-1

[Event "GER-chT U20 Girls"]
[Site "Osnabrueck"]
[Date "2013.12.29"]
[Round "6.4"]
[White "Goldhausen, Nina"]
[Black "Dannenberg, Nicole"]
[Result "0-1"]
[WhiteElo "1078"]
[BlackElo "1161"]
[PlyCount "128"]
[EventDate "2013.12.27"]
[EventType "team-swiss"]
[EventRounds "7"]
[EventCountry "GER"]
[SourceTitle "EXT 2015"]
[Source "ChessBase"]
[SourceDate "2014.11.20"]
[SourceVersion "1"]
[SourceVersionDate "2014.11.20"]
[SourceQuality "1"]
[WhiteTeam "Hattersheim"]
[BlackTeam "Lehrte"]
[WhiteTeamCountry "GER"]
[BlackTeamCountry "GER"]

1. c4 c5 2. Nc3 Nc6 3. Nf3 g6 4. g3 Bg7 5. Bg2 e5 6. d3 h6 7. 0-0 Nge7 8. Bd2 0-0 9. Qc1 Kh7 10. e4 d6 11. a3 Be6 12. Nd5 Qd7 13. Nxe7 Nxe7 14. Be3 Bh3 15. b4 Bxg2 16. Kxg2 b6 17. b5 f5 18. Re1 f4 19. Bd2 Qg4 20. Qd1 g5 21. h3 Qe6 22. g4 Qf7 23. Rh1 Bf6 24. Kf1 Kg7 25. Ke2 Rh8 26. Bc3 Rh7 27. Rh2 Rah8 28. Qc2 Ng6 29. Rah1 Qe7 30. Qd1 Kf8 31. Qc1 h5 32. Qg1 Ke8 33. Bb2 Kd8 34. Kd2 hxg4 35. hxg4 Nh4 36. Nxh4 Rxh4 37. Rxh4 Rxh4 38. Rxh4 gxh4 39. f3 h3 40. Qh2 Qh7 41. Ke2 Kc7 42. Bc3 Kb7 43. Kd1 a6 44. a4 Qh4 45. Be1 Qh7 46. Kc1 Bh4 47. Kd1 Bg3 48. Qg1 h2 49. Qh1 Qh4 50. Bd2 Bf2 51. Ke2 Be3 52. Be1 Qh6 53. Bf2 axb5 54. axb5 Kc7 55. Ke1 Kd7 56. Ke2 Ke7 57. Ke1 Kf6 58. Ke2 Kg5 59. Ke1 Bxf2+ 60. Kxf2 Qh4+ 61. Kf1 Qh3+ 62. Ke2 Qg3 63. Kf1 Kh4 64. Qg2 Qh3 0-1

[Event "GER-chT U20 Girls"]
[Site "Osnabrueck"]
[Date "2013.12.28"]
[Round "3.4"]
[White "Klotz, Diana"]
[Black "Dannenberg, Nicole"]
[Result "0-1"]
[WhiteElo "1000"]
[BlackElo "1161"]
[PlyCount "82"]
[EventDate "2013.12.27"]
[EventType "team-swiss"]
[EventRounds "7"]
[EventCountry "GER"]
[SourceTitle "EXT 2015"]
[Source "ChessBase"]
[SourceDate "2014.11.20"]
[SourceVersion "1"]
[SourceVersionDate "2014.11.20"]
[SourceQuality "1"]
[WhiteTeam "Leipzig Lindenau"]
[BlackTeam "Lehrte"]
[WhiteTeamCountry "GER"]
[BlackTeamCountry "GER"]

1. Nf3 d5 2. e3 Nf6 3. Be2 c6 4. 0-0 Bf5 5. h3 h6 6. Nd4 Bh7 7. d3 Nbd7 8. e4 dxe4 9. dxe4 Nxe4 10. Bf3 Nef6 11. Bf4 e6 12. Bg3 Be7 13. b4 Bxb4 14. c3 Ba5 15. Nb3 Bc7 16. Bxc7 Qxc7 17. Qd4 0-0 18. Re1 Rfd8 19. Qe3 Nd5 20. Qe2 N7f6 21. Qd1 Nf4 22. Qc1 Nd3 23. Qd1 Nxe1 24. Qxe1 Ne4 25. Bxe4 Bxe4 26. N1d2 Bg6 27. Rd1 Rd6 28. Kf1 Bd3+ 29. Kg1 Rad8 30. f3 Bc2 31. Rc1 Bxb3 32. Nxb3 b6 33. Kf1 R8d7 34. Rc2 Rd1 35. Rc1 Rxe1+ 36. Rxe1 Rd3 37. Nc1 Rxc3 38. Ne2 Rc2 39. Nd4 Rxa2 40. Nb3 Qg3 41. Nc1 Qf2# 0-1

[Event "GER-chT North U16"]
[Site "Greifswald"]
[Date "2013.09.12"]
[Round "2.4"]
[White "Wiese, Tobias"]
[Black "Dannenberg, Nicole"]
[Result "1/2-1/2"]
[WhiteElo "1314"]
[BlackElo "1223"]
[PlyCount "65"]
[EventDate "2013.09.12"]
[EventType "team-swiss"]
[EventRounds "7"]
[EventCountry "GER"]
[SourceTitle "EXT 2014"]
[Source "ChessBase"]
[SourceDate "2013.11.20"]
[SourceVersion "1"]
[SourceVersionDate "2013.11.20"]
[SourceQuality "1"]
[WhiteTeam "Magdeburg USC"]
[BlackTeam "Lehrte"]
[WhiteTeamCountry "GER"]
[BlackTeamCountry "GER"]

1. d4 e6 2. c4 d5 3. Nc3 Bb4 4. Nf3 c6 5. e3 Nf6 6. Bd3 0-0 7. Qc2 Re8 8. Ng5 h6 9. Bh7+ Kf8 10. Nxf7 Kxf7 11. Bg6+ Kf8 12. Bxe8 Qxe8 13. cxd5 exd5 14. 0-0 Qh5 15. Qe2 Qg6 16. f3 Bxc3 17. bxc3 Bf5 18. Ba3+ Kg8 19. Qb2 Bh3 20. Rf2 b6 21. Qb4 Nbd7 22. c4 Re8 23. Re1 c5 24. Qc3 dxc4 25. Qxc4+ Kh8 26. dxc5 Ne5 27. Qf1 Nd3 28. Kh1 Nxf2+ 29. Qxf2 Bd7 30. cxb6 axb6 31. e4 b5 32. Qd2 Be6 33. Bb2 1/2-1/2

[Event "Hannover-ch U16/18"]
[Site "Lehrte"]
[Date "2012.10.23"]
[Round "6"]
[White "Dannenberg, Nicole"]
[Black "Brauer, Jan"]
[Result "0-1"]
[WhiteElo "1197"]
[BlackElo "1567"]
[PlyCount "42"]
[EventDate "2012.10.23"]
[EventType "swiss"]
[EventRounds "7"]
[EventCountry "GER"]
[SourceTitle "EXT 2021"]
[Source "ChessBase"]
[SourceDate "2020.10.23"]
[SourceVersion "1"]
[SourceVersionDate "2020.10.23"]
[SourceQuality "1"]

1. c4 c5 2. Nc3 Nc6 3. e4 d6 4. g3 f5 5. d3 Nf6 6. Bg2 fxe4 7. Nxe4 e5 8. h3 Bf5 9. Bg5 Be7 10. Nxf6+ Bxf6 11. Be3 0-0 12. Ne2 Qd7 13. a3 Rab8 14. f4 b6 15. Qd2 a6 16. b4 exf4 17. 0-0-0 fxe3 18. Qxe3 h6 19. Kc2 Nd4+ 20. Nxd4 Bxd4 21. Qd2 Qa4+ 0-1

[Event "Niedersachsen-ch U18 Girls"]
[Site "Rotenburg"]
[Date "2012.04.04"]
[Round "8"]
[White "Rudolph, Elisa"]
[Black "Dannenberg, Nicole"]
[Result "1-0"]
[WhiteElo "849"]
[BlackElo "1078"]
[PlyCount "77"]
[EventDate "2012.03.31"]
[EventType "swiss"]
[EventRounds "9"]
[EventCountry "GER"]
[SourceTitle "EXT 2015"]
[Source "ChessBase"]
[SourceDate "2014.11.20"]
[SourceVersion "1"]
[SourceVersionDate "2014.11.20"]
[SourceQuality "1"]

1. e4 c6 2. Nc3 d5 3. exd5 cxd5 4. g3 Bf5 5. Bg2 e6 6. Nge2 Nf6 7. 0-0 Bd6 8. h3 0-0 9. d3 h6 10. Nd4 Bg6 11. Be3 Nc6 12. Nce2 Rc8 13. Qd2 Bb4 14. c3 Bd6 15. Nf4 Qd7 16. Nf3 Bh7 17. Rae1 e5 18. Ne2 Bf5 19. g4 Be6 20. b4 e4 21. Nfd4 Ne5 22. Nf4 exd3 23. Nxd3 Nxd3 24. Qxd3 Be5 25. Bxh6 Bxd4 26. Bxg7 Kxg7 27. Qxd4 Kg6 28. Re5 Rc4 29. Qd3+ Kg7 30. g5 Nh7 31. f4 f6 32. gxf6+ Rxf6 33. f5 Bf7 34. Bxd5 Rc7 35. Rf2 Qd6 36. Rg2+ Kf8 37. Qe4 Rd7 38. Re8+ Bxe8 39. Rg8# 1-0

[Event "Hannover-ch U14"]
[Site "Lehrte"]
[Date "2011.10.15"]
[Round "2"]
[White "Dannenberg, Nicole"]
[Black "Bulmahn, Aaron Aime"]
[Result "0-1"]
[WhiteElo "1092"]
[BlackElo "944"]
[PlyCount "108"]
[EventDate "2011.10.15"]
[EventType "swiss"]
[EventRounds "7"]
[EventCountry "GER"]
[SourceTitle "EXT 2021"]
[Source "ChessBase"]
[SourceDate "2020.10.23"]
[SourceVersion "1"]
[SourceVersionDate "2020.10.23"]
[SourceQuality "1"]

1. c4 e5 2. Nc3 Nf6 3. e4 Nc6 4. g3 Bc5 5. Bg2 Ng8 6. h3 Nf6 7. d3 d6 8. Nge2 h6 9. 0-0 0-0 10. Kh2 Be6 11. f4 Bd4 12. f5 Bd7 13. g4 a6 14. Bd2 Nb4 15. Be1 c5 16. a3 Nc6 17. Rb1 Bxc3 18. Nxc3 Nd4 19. Bh4 b5 20. b3 bxc4 21. bxc4 Rb8 22. Qd2 Rb3 23. a4 Ra3 24. Ra1 Rxa1 25. Rxa1 Nb3 26. Qb2 Nxa1 27. Qxa1 Qa5 28. Be1 Rb8 29. Nb5 Qb6 30. Nc3 Qb3 31. Kg3 Rb4 32. a5 Qc2 33. Bf1 Rb2 34. Be2 h5 35. Kf3 hxg4+ 36. hxg4 g6 37. Ke3 gxf5 38. gxf5 Kg7 39. Kf2 Kh6 40. Qa3 Nh5 41. Kf3 Nf4 42. Bf1 Nxd3 43. Qa1 Nxe1+ 44. Qxe1 Rb3 45. Qh4+ Kg7 46. Qg5+ Kf8 47. Qd8+ Be8 48. Qxd6+ Kg7 49. Qxe5+ Kh7 50. Qxe8 Rxc3+ 51. Kg4 Qd1+ 52. Kg5 Rg3+ 53. Kf6 Qd6+ 54. Kxf7 Rg7# 0-1

[Event "Hannover-ch U14"]
[Site "Lehrte"]
[Date "2010.10.11"]
[Round "6"]
[White "Goehner, Stephan"]
[Black "Dannenberg, Nicole"]
[Result "1-0"]
[WhiteElo "1474"]
[BlackElo "968"]
[PlyCount "33"]
[EventDate "2010.10.09"]
[EventType "swiss"]
[EventRounds "7"]
[EventCountry "GER"]
[SourceTitle "EXT 2021"]
[Source "ChessBase"]
[SourceDate "2020.10.23"]
[SourceVersion "1"]
[SourceVersionDate "2020.10.23"]
[SourceQuality "1"]

1. d4 e6 2. c4 d5 3. Bf4 Nf6 4. e3 b6 5. Nf3 Bb7 6. Nc3 Bb4 7. Qa4+ Nc6 8. Qc2 Ne4 9. a3 Be7 10. Nxe4 dxe4 11. Qxe4 0-0 12. Bd3 g6 13. Bh6 Re8 14. d5 exd5 15. Qxd5 Qc8 16. Ng5 Nd8 17. Qd4 1-0

[Event "Hannover-ch U14"]
[Site "Lehrte"]
[Date "2010.10.09"]
[Round "2"]
[White "Dannenberg, Nicole"]
[Black "Neumair, Dorian"]
[Result "0-1"]
[WhiteElo "968"]
[BlackElo "1284"]
[PlyCount "62"]
[EventDate "2010.10.09"]
[EventType "swiss"]
[EventRounds "7"]
[EventCountry "GER"]
[SourceTitle "EXT 2021"]
[Source "ChessBase"]
[SourceDate "2020.10.23"]
[SourceVersion "1"]
[SourceVersionDate "2020.10.23"]
[SourceQuality "1"]

1. c4 e5 2. Nc3 Nf6 3. e4 b6 4. g3 Bb7 5. Bg2 d6 6. Nge2 Nbd7 7. 0-0 Be7 8. h3 0-0 9. d3 h6 10. Kh2 c6 11. f4 exf4 12. Nxf4 Qc7 13. Be3 Ne5 14. Rb1 Qd7 15. b4 Nfg4+ 16. hxg4 Nxg4+ 17. Kg1 Nxe3 18. Qe2 Nxf1 19. Rxf1 Bg5 20. Nh3 Bf6 21. Nd1 Bd4+ 22. Kh2 c5 23. Ndf2 Rae8 24. Rg1 f5 25. a3 g5 26. Rf1 Bxf2 27. Nxf2 f4 28. Qf3 fxg3+ 29. Qxg3 Rf4 30. Bf3 Ref8 31. Kg2 Qf7 0-1

[Event "Hannover-ch U12"]
[Site "Stadthagen"]
[Date "2009.10.05"]
[Round "6"]
[White "Dannenberg, Nicole"]
[Black "Von Daake, Leonhard"]
[Result "1-0"]
[WhiteElo "811"]
[BlackElo "773"]
[PlyCount "113"]
[EventDate "2009.10.03"]
[EventType "swiss"]
[EventRounds "7"]
[EventCountry "GER"]
[SourceTitle "EXT 2021"]
[Source "ChessBase"]
[SourceDate "2020.10.23"]
[SourceVersion "1"]
[SourceVersionDate "2020.10.23"]
[SourceQuality "1"]

1. c4 c5 2. Nc3 Nf6 3. e4 e5 4. g3 Be7 5. d3 0-0 6. Bg2 d6 7. h3 Be6 8. Nge2 Nc6 9. 0-0 Qd7 10. Kh2 Rac8 11. f4 b6 12. f5 Bxc4 13. dxc4 Qb7 14. Nd5 Nxd5 15. cxd5 Nd4 16. g4 Nxe2 17. Qxe2 c4 18. Be3 h6 19. Kg3 b5 20. b4 Ra8 21. a3 Qd7 22. h4 Qd8 23. Rh1 Rc8 24. Bxa7 c3 25. Rac1 Rc7 26. Bb6 Qc8 27. Bxc7 Qxc7 28. Qxb5 Rb8 29. Qd3 Rc8 30. Rc2 Qa7 31. Rxc3 Rxc3 32. Qxc3 Qa4 33. Bf3 Kh7 34. Rb1 g5 35. hxg5 Bxg5 36. b5 Bf4+ 37. Kh4 Bg5+ 38. Kh3 Qa7 39. b6 Qb7 40. a4 Bd8 41. Qc6 Qe7 42. b7 Qh4+ 43. Kg2 Qg5 44. b8Q Qd2+ 45. Kg3 Bh4+ 46. Kh3 Qf2 47. Rg1 Qxg1 48. Bg2 Qf2 49. Qc3 Qf4 50. Kxh4 h5 51. Qf3 Qh2+ 52. Qh3 Qf4 53. Qf8 f6 54. Qxf6 Qf2+ 55. Qg3 Qb2 56. gxh5 Qd2 57. Qfg7# 1-0

[Event "Niedersachsen-ch U12"]
[Site "Rotenburg"]
[Date "2009.04.09"]
[Round "10"]
[White "Wellnitz, Simon"]
[Black "Dannenberg, Nicole"]
[Result "1-0"]
[WhiteElo "959"]
[BlackElo "879"]
[PlyCount "51"]
[EventDate "2009.04.04"]
[EventType "swiss"]
[EventRounds "11"]
[EventCountry "GER"]
[SourceTitle "EXT 2010"]
[Source "ChessBase"]
[SourceDate "2010.11.25"]
[SourceVersion "1"]
[SourceVersionDate "2010.11.25"]
[SourceQuality "1"]

1. e4 e6 2. d4 d5 3. Nc3 dxe4 4. Nxe4 Nd7 5. Nf3 Ngf6 6. Bg5 Be7 7. Bd3 Nxe4 8. Bxe7 Qxe7 9. Bxe4 0-0 10. Qd2 c5 11. 0-0-0 Rd8 12. h4 h6 13. g4 Nf6 14. Bd3 Nxg4 15. Qe2 cxd4 16. Nxd4 Rxd4 17. Bh7+ Kxh7 18. Rxd4 Nf6 19. Qd3+ Kh8 20. Rg1 Nh5 21. Rd8+ Qxd8 22. Qxd8+ Kh7 23. Qe8 g6 24. Qxf7+ Kh8 25. Qxg6 Bd7 26. Qxh6# 1-0

[Event "Niedersachsen-ch U12"]
[Site "Rotenburg"]
[Date "2009.04.07"]
[Round "6"]
[White "Dannenberg, Nicole"]
[Black "Tschirner, Tom Luca"]
[Result "0-1"]
[WhiteElo "879"]
[BlackElo "913"]
[PlyCount "134"]
[EventDate "2009.04.04"]
[EventType "swiss"]
[EventRounds "11"]
[EventCountry "GER"]
[SourceTitle "EXT 2010"]
[Source "ChessBase"]
[SourceDate "2010.11.25"]
[SourceVersion "1"]
[SourceVersionDate "2010.11.25"]
[SourceQuality "1"]

1. e4 e5 2. Nf3 Nc6 3. Bb5 a6 4. Ba4 Bc5 5. 0-0 b5 6. Bb3 d6 7. c3 Bg4 8. Re1 Qf6 9. Bd5 Nge7 10. Bxc6+ Nxc6 11. d3 Bxf3 12. Qxf3 Qxf3 13. gxf3 0-0 14. f4 Rfe8 15. fxe5 dxe5 16. Be3 Bxe3 17. fxe3 Re6 18. d4 exd4 19. exd4 Rg6+ 20. Kh1 Ne7 21. Nd2 Rd8 22. Rg1 Rxg1+ 23. Kxg1 c5 24. Nf3 cxd4 25. cxd4 f6 26. a4 Nc6 27. d5 Ne5 28. Kf2 Nd3+ 29. Ke3 Nxb2 30. axb5 axb5 31. Rb1 Nc4+ 32. Kd3 Rb8 33. Nd2 Nxd2 34. Kxd2 Kf7 35. Ke3 Ke7 36. Kd4 Kd6 37. Kd3 f5 38. exf5 Kxd5 39. Ke3 Ke5 40. Kd3 Kxf5 41. Kd4 Kg4 42. Kc5 Kh3 43. Rxb5 Rxb5+ 44. Kxb5 Kxh2 45. Kc4 g5 46. Kd3 g4 47. Ke3 g3 48. Ke4 g2 49. Kd5 g1Q 50. Ke4 Qf2 51. Ke5 Qf3 52. Kd4 Qe2 53. Kc3 Qd1 54. Kc4 Qd2 55. Kc5 Qd3 56. Kb4 Qc2 57. Kb5 Qc3 58. Kb6 Qc4 59. Kb7 Qc5 60. Ka6 Qb4 61. Ka7 Qb5 62. Ka8 Kg3 63. Ka7 Kf4 64. Ka8 Ke5 65. Ka7 Kd6 66. Ka8 Kc7 67. Ka7 Qb7# 0-1

[Event "Niedersachsen-ch U12"]
[Site "Rotenburg"]
[Date "2009.04.06"]
[Round "4"]
[White "Baeuerlein, Johannes"]
[Black "Dannenberg, Nicole"]
[Result "1-0"]
[WhiteElo "1003"]
[BlackElo "879"]
[PlyCount "127"]
[EventDate "2009.04.04"]
[EventType "swiss"]
[EventRounds "11"]
[EventCountry "GER"]
[SourceTitle "EXT 2010"]
[Source "ChessBase"]
[SourceDate "2010.11.25"]
[SourceVersion "1"]
[SourceVersionDate "2010.11.25"]
[SourceQuality "1"]

1. e4 e6 2. d4 d5 3. e5 c5 4. c3 Nc6 5. Nf3 Qb6 6. Be2 Nh6 7. Na3 Nf5 8. Nc2 Bd7 9. 0-0 Be7 10. Rb1 0-0 11. Bf4 Rac8 12. Qd2 Rfd8 13. Rfd1 c4 14. Ne3 Nxe3 15. Qxe3 h6 16. h3 Be8 17. b3 Na5 18. bxc4 Nxc4 19. Bxc4 Qc6 20. Bb3 Qxc3 21. Qxc3 Rxc3 22. Rbc1 Rdc8 23. Rxc3 Rxc3 24. Rc1 Rxc1+ 25. Bxc1 b5 26. g4 a5 27. g5 hxg5 28. Bxg5 Bxg5 29. Nxg5 b4 30. Nf3 Bb5 31. Nd2 Kf8 32. Bc2 Ke8 33. Nb1 Kd7 34. a3 bxa3 35. Nxa3 Ba6 36. Ba4+ Kc7 37. Be8 f6 38. exf6 gxf6 39. h4 Bd3 40. h5 e5 41. dxe5 fxe5 42. Bg6 Bxg6 43. hxg6 d4 44. g7 Kd6 45. g8Q e4 46. Qd8+ Ke5 47. Qxa5+ Kf4 48. Qd2+ Ke5 49. Nc2 d3 50. Ne3 Kd4 51. Kg2 Ke5 52. f3 Kd4 53. fxe4 Kxe4 54. Nd1 Kd4 55. Nb2 Ke4 56. Qxd3+ Ke5 57. Kf3 Ke6 58. Kf4 Kf6 59. Qe4 Kf7 60. Kf5 Kg7 61. Qe5+ Kh6 62. Kf6 Kh7 63. Qg5 Kh8 64. Qg7# 1-0

[Event "Niedersachsen-ch op"]
[Site "Verden"]
[Date "2009.01.04"]
[Round "4"]
[White "Dannenberg, Nicole"]
[Black "Muermans, Ansgar"]
[Result "1-0"]
[WhiteElo "883"]
[BlackElo "995"]
[PlyCount "39"]
[EventDate "2009.01.03"]
[EventType "swiss"]
[EventRounds "7"]
[EventCountry "GER"]
[SourceTitle "EXT 2012"]
[Source "ChessBase"]
[SourceDate "2011.11.24"]
[SourceVersion "1"]
[SourceVersionDate "2011.11.24"]
[SourceQuality "1"]

1. e4 g6 2. d4 Bg7 3. Nf3 d6 4. Bf4 Nc6 5. Nc3 e5 6. dxe5 dxe5 7. Qxd8+ Kxd8 8. Rd1+ Ke8 9. Nxe5 Bxe5 10. Bxe5 Nxe5 11. Be2 Ne7 12. 0-0 f5 13. exf5 Bxf5 14. Rd2 h5 15. Nb5 Kf7 16. f4 Ng4 17. Re1 Rhd8 18. Bc4+ Kg7 19. Rxe7+ Kf6 20. Rf7# 1-0